| 000 -LEADER | |
|---|---|
| fixed length control field | 00520nam a22001697a 4500 |
| 005 - DATE AND TIME OF LATEST TRANSACTION | |
| control field | 20230331151834.0 |
| 008 - FIXED-LENGTH DATA ELEMENTS--GENERAL INFORMATION | |
| fixed length control field | 230331b |||||||| |||| 00| 0 eng d |
| 020 ## - INTERNATIONAL STANDARD BOOK NUMBER | |
| ISBN | 978-0387-24144-9 |
| 041 ## - LANGUAGE CODE | |
| Language code of text/sound track or separate title | eng |
| 082 ## - DEWEY DECIMAL CLASSIFICATION NUMBER | |
| Classification number | 579.3 BRE-B |
| 100 ## - MAIN ENTRY--AUTHOR NAME | |
| Personal name | BRENNER, DON J.,KRIEG, NDEL R. , AND STALEY, JAMES T. |
| 245 ## - TITLE STATEMENT | |
| Title | BERGEY'S MANUAL OF SYSTEMATIC BACTERIOLOGY VOL-2 THE PROTEOBACTERIA PART-B THE GAMMAPROTEOBACTERIA |
| 260 ## - PUBLICATION, DISTRIBUTION, ETC. (IMPRINT) | |
| Name of publisher | SPRINGER |
| 300 ## - PHYSICAL DESCRIPTION | |
| Number of Pages | 1106;P. |
| 650 ## - SUBJECT ADDED ENTRY--TOPICAL TERM | |
| Topical Term | PHARMACY |
| General subdivision | B. PHARMA |
| 942 ## - ADDED ENTRY ELEMENTS (KOHA) | |
| Koha item type | Books |
| Lost status | Damaged status | Collection code | Home library | Current library | Shelving location | Date acquired | Source of acquisition | Cost, normal purchase price | Full call number | Accession Number | Koha item type |
|---|---|---|---|---|---|---|---|---|---|---|---|
| Reference | JRU Library | JRU Library | SHELF-3-C | 23/03/2023 | LOHIA BOOK INTERNATIONAL | 143671.00 | 579.3 BRE-B | 27615 | Books |